History Quiz

Random History or Clickable Quiz
Score 0/27 Timer 06:00
0 Plays Today
% Correct
Fidel Castro
93.7%
Nelson Mandela
93%
Steve Jobs
92.6%
Madonna
92.2%
Kurt Cobain
91.8%
Pelé
90.8%
Karl Marx
90.8%
Ronald Reagan
90.5%
Gabrielle Giffords
89.9%
George H.W. Bush
89.7%
Elizabeth II
89.7%
Paul McCartney
89.6%
Barbara Bush
88.9%
John Paul II
88.4%
% Correct
Alfred Nobel
88.2%
Hillary Clinton
85.7%
Margaret Thatcher
85.2%
Ernest Hemingway
84%
David Cameron
83.5%
Mark Twain
80.7%
Kirk Douglas
75.8%
William Seward
66.9%
James Brady
65.1%
Abe Vigoda
64.7%
Marcus Garvey
63.2%
Ken Kesey
58.5%
Robert Graves
55.4%
Remove Ads.
Support Sporcle.
Get the best of Sporcle when you Go Orange. This ad-free experience offers more features, more stats, and more fun while also helping to support Sporcle. Thank you for becoming a member.

You're not logged in!

Compare scores with friends on all Sporcle quizzes.
OR
Log In

Show Comments

Extras

Top Quizzes Today


Score Distribution

Your Account Isn't Verified!

In order to create a playlist on Sporcle, you need to verify the email address you used during registration. Go to your Sporcle Settings to finish the process.

Report this User

Report this user for behavior that violates our Community Guidelines.

Details: